Nursing care Plans: (Record no. 356030)
[ view plain ]
| 000 -LEADER | |
|---|---|
| fixed length control field | 00424nam a2200121Ia 4500 |
| 008 - FIXED-LENGTH DATA ELEMENTS--GENERAL INFORMATION | |
| fixed length control field | 180305s9999 xx 000 0 und d |
| 020 ## - INTERNATIONAL STANDARD BOOK NUMBER | |
| International Standard Book Number | 9749053591 |
| 100 ## - MAIN ENTRY--PERSONAL NAME | |
| Personal name | Doenges, Marilynn E. |
| 245 ## - TITLE STATEMENT | |
| Statement of responsibility, etc | Marilynn E. Doenges, Mary Frances Moorhouse, Alice C. Geissler-Murr |
| Title | Nursing care Plans: |
| Remainder of title | Guidelines for Individualizing Patien Care/ |
| 250 ## - EDITION STATEMENT | |
| Edition statement | 6th ed. |
| 260 ## - PUBLICATION, DISTRIBUTION, ETC. (IMPRINT) | |
| Place of publication, distribution, etc | USA |
| Name of publisher, distributor, etc | F.A Davis Company |
| Date of publication, distribution, etc | 2002 |
| 300 ## - PHYSICAL DESCRIPTION | |
| Extent | vii, 873 pages |
| Withdrawn status | Lost status | Damaged status | Home library | Current library | Shelving location | Date acquired | Source of acquisition | Total Checkouts | Full call number | Barcode | Date last seen | Price effective from | Koha item type |
|---|---|---|---|---|---|---|---|---|---|---|---|---|---|
| College Library | College Library | General Circulation Section | 03/05/2018 | RT 49 .D64 2002 | c21280 | 05/15/2018 | 03/05/2018 | Books |